|
|
|
|
| LEADER |
01584cas a2200241 a 4500 |
| 001 |
AALejournalIMF010028 |
| 008 |
230101c9999 xx r poo 0 0eng d |
| 020 |
|
|
|c 5.00 USD
|
| 020 |
|
|
|z 9781451958508
|
| 022 |
|
|
|a 1018-5941
|
| 040 |
|
|
|a BD-DhAAL
|c BD-DhAAL
|
| 110 |
2 |
|
|a International Monetary Fund.
|
| 245 |
1 |
0 |
|a Credibility and Nominal Debt :
|b Exploring the Role of Maturity in Managing Inflation.
|
| 264 |
|
1 |
|a Washington, D.C. :
|b International Monetary Fund,
|c 1989.
|
| 300 |
|
|
|a 1 online resource (28 pages)
|
| 490 |
1 |
|
|a IMF Working Papers
|
| 500 |
|
|
|a <strong>Off-Campus Access:</strong> No User ID or Password Required
|
| 500 |
|
|
|a <strong>On-Campus Access:</strong> No User ID or Password Required
|
| 506 |
|
|
|a Electronic access restricted to authorized BRAC University faculty, staff and students
|
| 520 |
3 |
|
|a This paper focuses on the role of debt maturity in managing the government's incentives to use opportunistic inflation to reduce the ex post real value of its nominal liabilities. The maturity structure of government debt is shown to be a powerful instrument to affect the time profile of the inflation tax base and, hence, to mitigate the distortions introduced by time inconsistency on taxation policies. The nature of the optimal policy is shown to be heavily dependent on the type of precommitment enjoyed by policymakers.
|
| 538 |
|
|
|a Mode of access: Internet
|
| 830 |
|
0 |
|a IMF Working Papers; Working Paper ;
|v No. 1989/073
|
| 856 |
4 |
0 |
|z Full text available on IMF
|u http://elibrary.imf.org/view/journals/001/1989/073/001.1989.issue-073-en.xml
|z IMF e-Library
|